00682nam a2200181 i 450000100060000000300090000600500170001500700030003200800410003510000350007624501200011125000150023126000390024670000440028585200320032999900170036195201220037855861ES-MaACL20230906163231.0t|030929s1966 sp ||||1| spa d1 aDíaz, José Antonio.94413413aLa crisis permanente de la Acción Católica / cJosé Antonio Díaz ; prólogo de José Mª González Ruiz. a[1ª ed.]. aBarcelona : bNova Terra, c[1966]1 aGonzález Ruiz, José María.958943 aES-MaACLjC-30529 bR.60995 c55861d55861 00104070aATENEOMbATENEOMcDEPO2d2008-01-17eSCl0oC-30529p1058680r2023-02-23 00:00:00w2023-02-23yMONOGRAFIA